Entrevista a David Harvey: las grietas de la ciudad capitalista

David Harvey es uno de los investigadores de la ciudad capitalista más renombrados de la actualidad. Geógrafo de formación, Harvey ha desarrollado el grueso de su carrera profesional en Estados Unidos, donde actualmente enseña Geografía y Estudios Urbanos en la City University of NewYork tras haber...

Descripción completa

Detalles Bibliográficos
Autor principal: Olmo, Carolina del
Formato: Analitica de revista
Lenguaje:español
Publicado: Caracas, Venezuela: Universidad Central de Venezuela, 2007.
Materias:
Acceso en línea:Sólo disponible en línea.

MARC

LEADER 00000nab a2200000 a 4500
001 034111
003 UAHC_CL
005 20180824175609.0
008 031122s2007 ve f 000 spa
999 |c 51050  |d 51050 
040 |a UAHC_CL  |c UAHC_CL  |d UAHC_CL 
100 |a Olmo, Carolina del  |9 4594 
245 1 0 |a Entrevista a David Harvey:  |b las grietas de la ciudad capitalista  |c Carolina del Olmo y César Rendueles. 
260 |a Caracas, Venezuela:  |b Universidad Central de Venezuela,  |c 2007. 
300 |a p. 131- 138 
500 |a En: Cuadernos del CENDES, no. 65, vol. 24. 2007. pp. 131- 138. ISSN. 10122508. Sitio visitado (http://www.redalyc.org/articulo.oa?id=40306505) el 24 de Agosto de 2018. 
520 |a David Harvey es uno de los investigadores de la ciudad capitalista más renombrados de la actualidad. Geógrafo de formación, Harvey ha desarrollado el grueso de su carrera profesional en Estados Unidos, donde actualmente enseña Geografía y Estudios Urbanos en la City University of NewYork tras haber sido durante más de treinta años profesor en la Johns Hopkins University de Baltimore. El principal e indiscutido mérito de la obra de Harvey reside en su fructífera fusión de geografía y marxismo con la que ha logrado ampliar, profundizar y enriquecer al mismo tiempo ambas disciplinas. En los últimos tiempos su atención se ha centrado en el estudio espacial de las nuevas formas de imperialismo. 
526 |a Antropología aplicada I.  
600 0 |9 4595  |a Harvey, David  |d 1935- 
650 0 |a Capitalismo  |9 427 
650 0 |a Imperialismo  |9 2388  |x Aspectos economicos 
856 |u http://www.redalyc.org/articulo.oa?id=40306505  |y Sólo disponible en línea. 
942 |c REVA